<?xml version="1.0" encoding="UTF-8"?>
<record
    xmlns:xsi="http://www.w3.org/2001/XMLSchema-instance"
    xsi:schemaLocation="http://www.loc.gov/MARC21/slim http://www.loc.gov/standards/marcxml/schema/MARC21slim.xsd"
    xmlns="http://www.loc.gov/MARC21/slim">

  <leader>02129nam a2200361Ia 4500</leader>
  <controlfield tag="001">dia_6162</controlfield>
  <controlfield tag="003">CHAP</controlfield>
  <controlfield tag="005">20230524114723.0</controlfield>
  <controlfield tag="007">ta</controlfield>
  <controlfield tag="008">220117s2004    sp ado fr     001 0 spa d</controlfield>
  <datafield tag="010" ind1=" " ind2=" ">
    <subfield code="a">176069</subfield>
  </datafield>
  <datafield tag="020" ind1=" " ind2=" ">
    <subfield code="a">84-89922-91-8 (AMV) </subfield>
  </datafield>
  <datafield tag="020" ind1=" " ind2=" ">
    <subfield code="a">84-8476-147-9 (Mundi-Prensa)</subfield>
  </datafield>
  <datafield tag="040" ind1=" " ind2=" ">
    <subfield code="c">CHAP</subfield>
    <subfield code="a">mxchpua</subfield>
  </datafield>
  <datafield tag="050" ind1="1" ind2="0">
    <subfield code="a">TX683</subfield>
    <subfield code="b">.C35 2004</subfield>
  </datafield>
  <datafield tag="082" ind1="0" ind2="0">
    <subfield code="a">664.752 </subfield>
    <subfield code="b">C35 2004</subfield>
    <subfield code="2">20</subfield>
  </datafield>
  <datafield tag="100" ind1="1" ind2=" ">
    <subfield code="a">Calaveras, Jes&#xFA;s</subfield>
    <subfield code="9">17325</subfield>
    <subfield code="e">autor</subfield>
  </datafield>
  <datafield tag="245" ind1="1" ind2="0">
    <subfield code="a">Nuevo tratado de panificaci&#xF3;n y boller&#xED;a /</subfield>
    <subfield code="c">Jes&#xFA;s Calaveras</subfield>
  </datafield>
  <datafield tag="250" ind1=" " ind2=" ">
    <subfield code="a">2a edici&#xF3;n</subfield>
  </datafield>
  <datafield tag="264" ind1=" " ind2=" ">
    <subfield code="a">Madrid, Espa&#xF1;a :</subfield>
    <subfield code="b">AMV : Mundi-Prensa,</subfield>
    <subfield code="c">2004</subfield>
  </datafield>
  <datafield tag="300" ind1=" " ind2=" ">
    <subfield code="a">622 p&#xE1;ginas :</subfield>
    <subfield code="b">ilustraciones, gr&#xE1;ficas, diagramas, tablas, fotos</subfield>
  </datafield>
  <datafield tag="504" ind1=" " ind2=" ">
    <subfield code="a">Bibliograf&#xED;a: p. 617-622</subfield>
  </datafield>
  <datafield tag="505" ind1="0" ind2=" ">
    <subfield code="a">HISTORIA. --
EL TRIGO. --
REGLAMENTACI&#xD3;N T&#xC9;CNICO-SANITARIA DE LA FABRICACI&#xD3;N DEL PAN. --
MATERIAS PRIMAS EN PANIFICACI&#xD3;N. --
PROCESOS DE PANIFICACI&#xD3;N. --
NUEVOS PROCESOS TECNOL&#xD3;GICOS. --
CONTROL DE CALIDAD. --
MANIPULACI&#xD3;N DE LOS ALIMENTOS / PAN. --
VALOR NUTRITIVO DEL PAN. --
FICHAS DE ELABORACI&#xD3;N DE PANES, RELLENOS Y BOLLER&#xCD;A. --
Bibliograf&#xED;a.</subfield>
  </datafield>
  <datafield tag="520" ind1="2" ind2=" ">
    <subfield code="a">Este libro es un manual muy completo y pr&#xE1;ctico sobre panificaci&#xF3;n y boller&#xED;a, resultado de la experiencia del autor, asesor de industrias panaderas. Esta obra estudia todos los temas relativos a la panificaci&#xF3;n y boller&#xED;a desde el inicio a la puesta en establecimiento de los productos, trata sobre las materias primas, los procesos de elaboraci&#xF3;n, la resoluci&#xF3;n de los problemas que se pueden presentar, los nuevos procesos tecnol&#xF3;gicos (pan precocido, congelaci&#xF3;n, liofilizaci&#xF3;n, punto caliente, el sistema APPCC An&#xE1;lisis de peligros y puntos de control cr&#xED;ticos, el control de calidad, fichas para la elaboraci&#xF3;n de panes, rellenos y boller&#xED;a, etc.</subfield>
  </datafield>
  <datafield tag="650" ind1="1" ind2="3">
    <subfield code="a">Industria panadera  </subfield>
    <subfield code="9">147086</subfield>
  </datafield>
  <datafield tag="650" ind1="1" ind2="3">
    <subfield code="a">Productos horneados  </subfield>
    <subfield code="9">149328</subfield>
  </datafield>
  <datafield tag="650" ind1="1" ind2="3">
    <subfield code="a">Baked goods  </subfield>
    <subfield code="9">149794</subfield>
  </datafield>
  <datafield tag="650" ind1="1" ind2="3">
    <subfield code="a">Bakery industry</subfield>
    <subfield code="9">147084</subfield>
  </datafield>
  <datafield tag="901" ind1=" " ind2=" ">
    <subfield code="a">664.752 C35 2004</subfield>
  </datafield>
  <datafield tag="902" ind1=" " ind2=" ">
    <subfield code="a">M</subfield>
  </datafield>
  <datafield tag="905" ind1=" " ind2=" ">
    <subfield code="a">5232272004                          sp dnm 8222123322spa16</subfield>
  </datafield>
  <datafield tag="942" ind1=" " ind2=" ">
    <subfield code="c">LIBRO</subfield>
    <subfield code="2">ddc</subfield>
  </datafield>
  <datafield tag="999" ind1=" " ind2=" ">
    <subfield code="c">176069</subfield>
    <subfield code="d">176069</subfield>
  </datafield>
  <datafield tag="952" ind1=" " ind2=" ">
    <subfield code="0">0</subfield>
    <subfield code="1">0</subfield>
    <subfield code="2">ddc</subfield>
    <subfield code="4">0</subfield>
    <subfield code="5">5</subfield>
    <subfield code="7">0</subfield>
    <subfield code="8">GRAL</subfield>
    <subfield code="a">IA_</subfield>
    <subfield code="b">IA_</subfield>
    <subfield code="d">2009-04-20</subfield>
    <subfield code="e">Compra </subfield>
    <subfield code="i">247349</subfield>
    <subfield code="l">8</subfield>
    <subfield code="o">664.752 C35 2004</subfield>
    <subfield code="p">1102006226</subfield>
    <subfield code="r">2024-09-06 18:09:42</subfield>
    <subfield code="s">2024-09-06</subfield>
    <subfield code="t">Ej. 2</subfield>
    <subfield code="w">2022-01-18</subfield>
    <subfield code="y">LIBRO</subfield>
  </datafield>
  <datafield tag="952" ind1=" " ind2=" ">
    <subfield code="0">0</subfield>
    <subfield code="1">0</subfield>
    <subfield code="2">ddc</subfield>
    <subfield code="4">0</subfield>
    <subfield code="5">1</subfield>
    <subfield code="7">0</subfield>
    <subfield code="8">GRAL</subfield>
    <subfield code="a">IA_</subfield>
    <subfield code="b">IA_</subfield>
    <subfield code="d">2009-04-20</subfield>
    <subfield code="e">Compra </subfield>
    <subfield code="i">247349</subfield>
    <subfield code="l">5</subfield>
    <subfield code="o">664.752 C35 2004</subfield>
    <subfield code="p">1102006225</subfield>
    <subfield code="r">2023-02-21 00:00:00</subfield>
    <subfield code="s">2023-02-21</subfield>
    <subfield code="t">Ej. 1</subfield>
    <subfield code="w">2022-01-18</subfield>
    <subfield code="y">LIBRO</subfield>
  </datafield>
</record>
